000 00593nam a2200181Ia 4500
008 100920s9999 xx 000 0 und d
082 _b99986
_a--- न 07
100 _aरायकर प्रतिभा.
245 _aक्षण प्रेमाचा.
260 _bसायली प्रकाशन , पुणे.
_c2007
300 _a192
_bसाधी
365 _b190
520 _aकादंबरी.
630 _aक्षण प्रेमाचा.
650 _aकादंबरी.
730 _aक्षण प्रेमाचा.
942 _cBOOK
999 _c740424
_d740421